LEADER 01465nam a2200325 a 4500 001 000000122526 003 CaOOAMICUS 005 20100719112222.0 008 100719t2010 it aboe u000 u ita r 040 $aPUL$bita$dReb 041 1 $aita$heng 082 04$a930 100 1 $aCampbell, Duncan B.$0(OLS)http://pul/name/75861 240 10$aSiege warfare in the roman world$lItaliano.$0(OLS)http://pul/title/154377 245 10$aGuerra d'assedio a Roma /$cDuncan B. Campbell ; illustrazioni di Duncan B. Campbell [et al.]. 260 $aMilano :$bRBA Italia,$cİ2010. 300 $a72 p. :$bill., c. geogr., foto ;$c25 cm. 490 1 $aRoma e Grecia$aLe battaglie, gli eserciti, i grandi condottieri 490 1 $aRoma$aL'Impero V 500 $aPubblicazione periodica settimanale. 504 $aInclude bibliografia ed indice. 651 4$aRoma$xOrganizzzazione militare.$0(OLS)http://pul/subject/33739 830 0$aRoma e Grecia$pLe battaglie, gli eserciti, i grandi condottieri.$0(OLS)http://pul/title/150360 830 0$aRoma$pL'Impero V.$0(OLS)http://pul/title/154378 850 $aPUL 852 $aPUL$W1$xDP2 Filosofia 3$y112$m930 COLL 2.22$j140727$qDDC 21$q $B139815$CPULBib$Z2$F139815 $H114395 $81 941 1 $a9 996 $6082$a930$9(OLS)http://pul/classification/398 996 $6245$aGuerra d'assedio a Roma$9(OLS)http://pul/title/154376 996 $6260$aMilano :$bRBA Italia$9(OLS)http://pul/publisher/80118 LEADER 01553nam a2200349 a 4500 001 000000122606 003 CaOOAMICUS 005 20160928174922.0 008 100726t2010 it u000 u ita r 020 $a978-88-8272-537-2 032 $aLibriCat 040 $aPUL$bita$dReb 082 04$a322 100 1 $aBarberini, Giovanni,$csacerdote,$d1932-2021.$0(OLS)http://pul/name/33189 245 10$aPagine di storia contemporanea: la Santa Sede alla Conferenza di Helsinki /$cGiovanni Barberini ; prefazione di Achille Silvestrini . 260 $aSiena :$bCantagalli,$cİ2010. 300 $a208 p. ;$c21 cm. 504 $aInclude riferimenti bibliografici ed indice. 610 14$aSanta Sede$xRelazioni diplomatiche.$0(OLS)http://pul/subject/11607 650 4$aDiritti umani.$0(OLS)http://pul/subject/3219 700 1 $aSilvestrini, Achille,$ccard.,$d1923-$0(OLS)http://pul/name/6601 850 $aPUL 852 $aPUL$W1$xSL Diritto e Scienze Sociali 3$y79$m322 BARGI 1$j140816$qDDC 21$B139899$CPULBib$Z2$F139899 $H114180 $82 941 1 $a9 960 $aDiritti dell'uomo$93219 960 $aDiplomazia pontificia$911607 960 $aDiplomazia pontificia$911607 996 $6020$a978-88-8272-537-2$9(OLS)http://pul/number/145022 996 $6082$a322$9(OLS)http://pul/classification/512 996 $6245$aPagine di storia contemporanea: la Santa Sede alla Conferenza di Helsinki$9(OLS)http://pul/title/154509 996 $6260$aSiena :$bCantagalli$9(OLS)http://pul/publisher/48759